[Event "2024 National Middle School Championship"]
[Site "Atlanta, Georgia, United States"]
[Date "2024.05.12"]
[Round "7.1"]
[White "Liu, Eric Chang"]
[Black "Wang, Isaac"]
[Result "1-0"]
[TimeControl "G/90;d10"]
[WhiteElo "2468"]
[BlackElo "2326"]

1. e4 {[%clk 01:30:00]} {[%emt 00:00:03]} c5 {[%clk 01:30:00]} {[%emt
00:00:09]} 2. Nf3 {[%clk 01:30:00]} {[%emt 00:00:04]} e6 {[%clk 01:30:00]}
{[%emt 00:00:10]} 3. d4 {[%clk 01:30:00]} {[%emt 00:00:06]} cxd4 {[%clk
01:30:00]} {[%emt 00:00:05]} 4. Nxd4 {[%clk 01:30:00]} {[%emt 00:00:05]} a6
{[%clk 01:29:54]} {[%emt 00:00:17]} 5. Bd3 {[%clk 01:30:00]} {[%emt 00:00:07]}
Nc6 {[%clk 01:27:22]} {[%emt 00:02:43]} 6. Nxc6 {[%clk 01:28:17]} {[%emt
00:01:53]} dxc6 {[%clk 01:26:52]} {[%emt 00:00:40]} 7. a4 {[%clk 01:22:45]}
{[%emt 00:05:42]} e5 {[%clk 01:23:16]} {[%emt 00:03:45]} 8. O-O {[%clk
01:18:10]} {[%emt 00:04:46]} Nf6 {[%clk 01:17:22]} {[%emt 00:06:04]} 9. Nd2
{[%clk 01:10:49]} {[%emt 00:07:31]} Bc5 {[%clk 01:08:47]} {[%emt 00:08:45]} 10.
Nc4 {[%clk 01:08:03]} {[%emt 00:02:56]} Qe7 {[%clk 01:05:22]} {[%emt 00:03:35]}
11. Qf3 {[%clk 00:53:48]} {[%emt 00:14:25]} O-O {[%clk 00:58:40]} {[%emt
00:06:51]} 12. a5 {[%clk 00:43:42]} {[%emt 00:10:17]} Re8 {[%clk 00:55:17]}
{[%emt 00:03:33]} 13. Be3 {[%clk 00:34:24]} {[%emt 00:09:28]} Bg4 {[%clk
00:49:58]} {[%emt 00:05:29]} 14. Qg3 {[%clk 00:34:19]} {[%emt 00:00:15]} Rad8
{[%clk 00:47:49]} {[%emt 00:02:18]} 15. Bg5 {[%clk 00:29:19]} {[%emt 00:05:11]}
Bh5 {[%clk 00:44:34]} {[%emt 00:03:25]} 16. Ne3 {[%clk 00:25:23]} {[%emt
00:04:06]} Bg6 {[%clk 00:31:20]} {[%emt 00:13:24]} 17. Qf3 {[%clk 00:19:18]}
{[%emt 00:06:15]} Qe6 {[%clk 00:24:05]} {[%emt 00:07:24]} 18. Qe2 {[%clk
00:11:39]} {[%emt 00:07:49]} Be7 {[%clk 00:19:29]} {[%emt 00:04:46]} 19. f3
{[%clk 00:08:48]} {[%emt 00:03:01]} h6 {[%clk 00:15:58]} {[%emt 00:03:41]} 20.
Bc4 {[%clk 00:07:30]} {[%emt 00:01:28]} Qd7 {[%clk 00:14:50]} {[%emt 00:01:17]}
21. Bh4 {[%clk 00:06:38]} {[%emt 00:01:03]} Nh5 {[%clk 00:14:30]} {[%emt
00:00:29]} 22. Bxe7 {[%clk 00:05:47]} {[%emt 00:01:02]} Nf4 {[%clk 00:14:03]}
{[%emt 00:00:37]} 23. Qe1 {[%clk 00:05:47]} {[%emt 00:00:10]} Qxe7 {[%clk
00:14:00]} {[%emt 00:00:12]} 24. g3 {[%clk 00:05:23]} {[%emt 00:00:35]} Ne6
{[%clk 00:12:36]} {[%emt 00:01:35]} 25. Bxe6 {[%clk 00:04:29]} {[%emt
00:01:03]} Qxe6 {[%clk 00:12:29]} {[%emt 00:00:17]} 26. Rd1 {[%clk 00:04:29]}
{[%emt 00:00:03]} Qe7 {[%clk 00:11:42]} {[%emt 00:00:57]} 27. Qc3 {[%clk
00:04:25]} {[%emt 00:00:15]} Kh7 {[%clk 00:10:20]} {[%emt 00:01:31]} 28. Rxd8
{[%clk 00:04:21]} {[%emt 00:00:14]} Rxd8 {[%clk 00:10:20]} {[%emt 00:00:05]} 29.
Rd1 {[%clk 00:04:21]} {[%emt 00:00:04]} Rxd1+ {[%clk 00:07:58]} {[%emt
00:02:32]} 30. Nxd1 {[%clk 00:04:21]} {[%emt 00:00:02]} f5 {[%clk 00:06:58]}
{[%emt 00:01:10]} 31. exf5 {[%clk 00:03:46]} {[%emt 00:00:46]} Bxf5 {[%clk
00:06:58]} {[%emt 00:00:01]} 32. Ne3 {[%clk 00:03:46]} {[%emt 00:00:02]} Bg6
{[%clk 00:06:58]} {[%emt 00:00:09]} 33. Kf2 {[%clk 00:03:26]} {[%emt 00:00:30]}
Qe6 {[%clk 00:06:53]} {[%emt 00:00:14]} 34. Nc4 {[%clk 00:02:58]} {[%emt
00:00:38]} Qh3 {[%clk 00:05:25]} {[%emt 00:01:38]} 35. Kg1 {[%clk 00:02:58]}
{[%emt 00:00:04]} e4 {[%clk 00:05:15]} {[%emt 00:00:21]} 36. f4 {[%clk
00:02:58]} {[%emt 00:00:02]} Qg4 {[%clk 00:04:45]} {[%emt 00:00:39]} 37. Ne3
{[%clk 00:02:47]} {[%emt 00:00:22]} Qe2 {[%clk 00:04:13]} {[%emt 00:00:41]} 38.
Nf1 {[%clk 00:02:31]} {[%emt 00:00:26]} Bh5 {[%clk 00:04:12]} {[%emt 00:00:12]}
39. Qd2 {[%clk 00:02:31]} {[%emt 00:00:04]} Qg4 {[%clk 00:03:50]} {[%emt
00:00:31]} 40. Ne3 {[%clk 00:02:31]} {[%emt 00:00:04]} Qf3 {[%clk 00:03:47]}
{[%emt 00:00:12]} 41. Qf2 {[%clk 00:02:26]} {[%emt 00:00:15]} Kg6 {[%clk
00:03:24]} {[%emt 00:00:34]} 42. Qxf3 {[%clk 00:01:32]} {[%emt 00:01:04]} Bxf3
{[%clk 00:03:24]} {[%emt 00:00:02]} 43. Kf2 {[%emt 00:00:21]} Kf6 {[%clk
00:03:21]} {[%emt 00:00:12]} 44. Nc4 {[%clk 00:01:22]} {[%emt 00:00:10]} Ke6
{[%clk 00:01:50]} {[%emt 00:01:40]} 45. Nd2 {[%clk 00:01:20]} {[%emt 00:00:12]}
Bd1 {[%clk 00:01:50]} {[%emt 00:00:10]} 46. c4 {[%clk 00:00:45]} {[%emt
00:00:46]} Kf5 {[%clk 00:01:40]} {[%emt 00:00:19]} 47. Nf1 {[%emt 00:00:50]}
Bf3 {[%clk 00:01:26]} 48. Ne3+ {[%clk 00:00:28]} {[%emt 00:00:04]} Ke6 {[%clk
00:01:26]} 49. c5 {[%clk 00:00:28]} {[%emt 00:00:04]} h5 {[%clk 00:01:10]}
{[%emt 00:00:25]} 50. h3 {[%clk 00:00:28]} {[%emt 00:00:04]} Bh1 {[%clk
00:00:46]} {[%emt 00:00:34]} 51. g4 {[%clk 00:00:28]} {[%emt 00:00:10]} hxg4
{[%clk 00:00:46]} 52. hxg4 {[%clk 00:00:28]} {[%emt 00:00:02]} Bf3 {[%clk
00:00:46]} {[%emt 00:00:03]} 53. Kg3 {[%clk 00:00:28]} {[%emt 00:00:09]} Be2
{[%clk 00:00:46]} {[%emt 00:00:03]} 54. Kh4 {[%clk 00:00:28]} {[%emt 00:00:04]}
Bd3 {[%clk 00:00:43]} {[%emt 00:00:14]} 55. Kg5 {[%clk 00:00:28]} {[%emt
00:00:06]} Kf7 {[%clk 00:00:43]} {[%emt 00:00:03]} 56. Kf5 {[%clk 00:00:28]}
{[%emt 00:00:04]} Bb1 {[%clk 00:00:43]} {[%emt 00:00:05]} 57. Ke5 {[%clk
00:00:28]} {[%emt 00:00:04]} Ke7 {[%clk 00:00:43]} {[%emt 00:00:04]} 58. Nf5+
{[%clk 00:00:28]} {[%emt 00:00:07]} Kd7 {[%clk 00:00:42]} {[%emt 00:00:10]} 59.
Kd4 {[%clk 00:00:28]} {[%emt 00:00:06]} g6 {[%clk 00:00:38]} {[%emt 00:00:13]}
60. Nd6 {[%clk 00:00:28]} {[%emt 00:00:02]} e3 {[%clk 00:00:38]} {[%emt
00:00:04]} 61. Kxe3 {[%clk 00:00:28]} {[%emt 00:00:01]} Kc7 {[%clk 00:00:38]}
{[%emt 00:00:03]} 62. Kd4 {[%clk 00:00:28]} {[%emt 00:00:05]} Bc2 {[%clk
00:00:38]} {[%emt 00:00:03]} 63. Ke5 {[%clk 00:00:28]} {[%emt 00:00:03]} Bb1
{[%clk 00:00:38]} {[%emt 00:00:01]} 64. Ke6 {[%clk 00:00:28]} {[%emt 00:00:07]}
Ba2+ {[%clk 00:00:38]} {[%emt 00:00:04]} 65. Ke7 {[%clk 00:00:28]} {[%emt
00:00:02]} 1-0

[Event "2024 National Middle School Championship"]
[Site "Atlanta, Georgia, United States"]
[Date "2024.05.12"]
[Round "7.2"]
[White "Vemparala, Nikash"]
[Black "Harish, Neeraj"]
[Result "1-0"]
[TimeControl "G/90;d10"]
[WhiteElo "2171"]
[BlackElo "2294"]

1. c4 {[%clk 01:30:00]} {[%emt 00:00:09]} Nf6 {[%clk 01:29:49]} {[%emt
00:00:21]} 2. g3 {[%clk 01:30:00]} {[%emt 00:00:07]} g6 {[%clk 01:29:49]}
{[%emt 00:00:09]} 3. Bg2 {[%clk 01:29:58]} {[%emt 00:00:12]} Bg7 {[%clk
01:29:49]} {[%emt 00:00:08]} 4. Nc3 {[%clk 01:29:57]} {[%emt 00:00:11]} c5
{[%clk 01:29:37]} {[%emt 00:00:23]} 5. e4 {[%clk 01:29:48]} {[%emt 00:00:18]}
Nc6 {[%clk 01:29:14]} {[%emt 00:00:32]} 6. Nge2 {[%clk 01:29:34]} {[%emt
00:00:23]} d6 {[%clk 01:27:12]} {[%emt 00:02:14]} 7. O-O {[%clk 01:28:59]}
{[%emt 00:00:45]} O-O {[%clk 01:27:12]} {[%emt 00:00:09]} 8. d3 {[%clk
01:28:21]} {[%emt 00:00:48]} Rb8 {[%clk 01:24:21]} {[%emt 00:03:01]} 9. h3
{[%clk 01:25:04]} {[%emt 00:03:28]} a6 {[%clk 01:23:18]} {[%emt 00:01:12]} 10.
a4 {[%clk 01:24:20]} {[%emt 00:00:54]} Ne8 {[%clk 01:22:13]} {[%emt 00:01:14]}
11. Be3 {[%clk 01:23:28]} {[%emt 00:01:03]} Nc7 {[%clk 01:19:18]} {[%emt
00:03:06]} 12. d4 {[%clk 01:15:00]} {[%emt 00:08:38]} cxd4 {[%clk 01:18:52]}
{[%emt 00:00:36]} 13. Nxd4 {[%clk 01:15:00]} {[%emt 00:00:10]} Nxd4 {[%clk
01:13:44]} {[%emt 00:05:18]} 14. Bxd4 {[%clk 01:15:00]} {[%emt 00:00:03]} Bxd4
{[%clk 01:13:44]} {[%emt 00:00:09]} 15. Qxd4 {[%clk 01:15:00]} {[%emt
00:00:04]} Ne6 {[%clk 01:13:43]} {[%emt 00:00:11]} 16. Qe3 {[%clk 01:14:16]}
{[%emt 00:00:53]} a5 {[%clk 01:11:46]} {[%emt 00:02:08]} 17. Nd5 {[%clk
01:11:03]} {[%emt 00:03:23]} Bd7 {[%clk 01:00:25]} {[%emt 00:11:30]} 18. f4
{[%clk 01:02:53]} {[%emt 00:08:20]} Bc6 {[%clk 00:57:16]} {[%emt 00:03:20]} 19.
f5 {[%clk 00:53:11]} {[%emt 00:09:52]} Bxd5 {[%clk 00:53:29]} {[%emt 00:03:57]}
20. exd5 {[%clk 00:50:13]} {[%emt 00:03:08]} Ng7 {[%clk 00:53:06]} {[%emt
00:00:33]} 21. fxg6 {[%clk 00:48:57]} {[%emt 00:01:25]} hxg6 {[%clk 00:52:40]}
{[%emt 00:00:36]} 22. Rae1 {[%clk 00:48:09]} {[%emt 00:00:58]} Rc8 {[%clk
00:46:08]} {[%emt 00:06:42]} 23. b3 {[%clk 00:45:53]} {[%emt 00:02:27]} Rc7
{[%clk 00:43:34]} {[%emt 00:02:44]} 24. h4 {[%clk 00:43:35]} {[%emt 00:02:28]}
Qc8 {[%clk 00:39:47]} {[%emt 00:03:57]} 25. Qg5 {[%clk 00:42:07]} {[%emt
00:01:37]} Rd7 {[%clk 00:37:03]} {[%emt 00:02:54]} 26. g4 {[%clk 00:37:57]}
{[%emt 00:04:20]} e5 {[%clk 00:31:23]} {[%emt 00:05:50]} 27. dxe6 {[%clk
00:31:00]} {[%emt 00:07:07]} Nxe6 {[%clk 00:30:04]} {[%emt 00:01:29]} 28. Qf6
{[%clk 00:28:14]} {[%emt 00:02:56]} Qd8 {[%clk 00:28:09]} {[%emt 00:02:04]} 29.
Bd5 {[%clk 00:26:59]} {[%emt 00:01:25]} Qxf6 {[%clk 00:28:09]} {[%emt
00:00:11]} 30. Rxf6 {[%clk 00:26:59]} Kg7 {[%clk 00:27:04]} {[%emt 00:01:15]}
31. Bxe6 {[%clk 00:25:41]} {[%emt 00:01:28]} fxe6 {[%clk 00:26:24]} {[%emt
00:00:49]} 32. Rxf8 {[%clk 00:25:21]} {[%emt 00:00:30]} Kxf8 {[%clk 00:26:24]}
{[%emt 00:00:09]} 33. Rxe6 {[%clk 00:25:21]} {[%emt 00:00:04]} Kf7 {[%clk
00:26:20]} {[%emt 00:00:13]} 34. Re4 {[%clk 00:25:13]} {[%emt 00:00:18]} Kf6
{[%clk 00:25:10]} {[%emt 00:01:20]} 35. Kf2 {[%clk 00:24:53]} {[%emt 00:00:31]}
Rc7 {[%clk 00:24:46]} {[%emt 00:00:33]} 36. Ke3 {[%clk 00:22:15]} {[%emt
00:02:47]} Rh7 {[%clk 00:22:49]} {[%emt 00:02:07]} 37. g5+ {[%clk 00:22:12]}
{[%emt 00:00:13]} Kf5 {[%clk 00:22:49]} {[%emt 00:00:04]} 38. Kd4 {[%clk
00:21:42]} {[%emt 00:00:41]} Rh8 {[%clk 00:17:01]} {[%emt 00:05:58]} 39. Kd5
{[%clk 00:21:03]} {[%emt 00:00:49]} Rh7 {[%clk 00:16:38]} {[%emt 00:00:33]} 40.
Rd4 {[%clk 00:17:11]} {[%emt 00:04:02]} Rh8 {[%clk 00:16:22]} {[%emt 00:00:26]}
41. c5 {[%clk 00:16:07]} {[%emt 00:01:15]} dxc5 {[%clk 00:15:02]} {[%emt
00:01:30]} 42. Kxc5 {[%clk 00:16:04]} {[%emt 00:00:12]} Rc8+ {[%clk 00:13:49]}
{[%emt 00:01:23]} 43. Kb6 {[%clk 00:15:40]} {[%emt 00:00:33]} Rc3 {[%clk
00:13:49]} {[%emt 00:00:05]} 44. Rd5+ {[%clk 00:15:04]} {[%emt 00:00:47]} Kg4
{[%clk 00:13:49]} {[%emt 00:00:06]} 45. Rb5 {[%clk 00:15:04]} {[%emt 00:00:06]}
Kxh4 {[%clk 00:13:49]} {[%emt 00:00:06]} 46. Kxa5 {[%clk 00:14:29]} {[%emt
00:00:45]} Rc6 {[%clk 00:12:45]} {[%emt 00:01:13]} 47. Rxb7 {[%clk 00:14:00]}
{[%emt 00:00:39]} Kxg5 {[%clk 00:12:45]} {[%emt 00:00:05]} 48. Kb5 {[%clk
00:14:00]} {[%emt 00:00:05]} Rc3 {[%clk 00:12:26]} {[%emt 00:00:30]} 49. b4
{[%clk 00:14:00]} {[%emt 00:00:06]} Kf4 {[%clk 00:12:26]} {[%emt 00:00:08]} 50.
a5 {[%clk 00:13:39]} {[%emt 00:00:31]} g5 {[%clk 00:12:26]} {[%emt 00:00:05]}
51. a6 {[%clk 00:12:54]} {[%emt 00:00:55]} g4 {[%clk 00:12:26]} {[%emt
00:00:06]} 52. a7 {[%clk 00:12:47]} {[%emt 00:00:18]} Ra3 {[%clk 00:12:26]}
{[%emt 00:00:06]} 53. Kb6 {[%clk 00:12:47]} {[%emt 00:00:03]} g3 {[%clk
00:12:26]} {[%emt 00:00:07]} 54. Rg7 {[%clk 00:12:44]} {[%emt 00:00:12]} Kf3
{[%clk 00:11:45]} {[%emt 00:00:50]} 55. Kb7 {[%clk 00:12:41]} {[%emt 00:00:13]}
g2 {[%clk 00:11:34]} {[%emt 00:00:22]} 56. a8=Q {[%clk 00:12:38]} {[%emt
00:00:13]} Rxa8 {[%clk 00:11:34]} {[%emt 00:00:05]} 57. Kxa8 {[%clk 00:12:38]}
{[%emt 00:00:01]} Kf2 {[%clk 00:11:34]} {[%emt 00:00:08]} 58. b5 {[%clk
00:12:38]} {[%emt 00:00:05]} g1=Q {[%clk 00:11:34]} {[%emt 00:00:04]} 59. Rxg1
{[%clk 00:12:38]} {[%emt 00:00:06]} Kxg1 {[%clk 00:11:34]} {[%emt 00:00:04]} 60.
b6 {[%clk 00:12:38]} {[%emt 00:00:02]} 1-0

[Event "2024 National Middle School Championship"]
[Site "Atlanta, Georgia, United States"]
[Date "2024.05.12"]
[Round "7.3"]
[White "Guo, Ethan"]
[Black "Shangin, Lev"]
[Result "1-0"]
[TimeControl "G/90;d10"]
[WhiteElo "2291"]
[BlackElo "2170"]

1. e4 {[%clk 01:30:00]} {[%emt 01:07:08]} c5 {[%clk 01:25:53]} {[%emt
00:04:17]} 2. Nf3 {[%clk 01:30:00]} {[%emt 00:00:04]} e6 {[%clk 01:25:51]}
{[%emt 00:00:11]} 3. d4 {[%clk 01:30:00]} {[%emt 00:00:04]} cxd4 {[%clk
01:25:33]} {[%emt 00:00:28]} 4. Nxd4 {[%clk 01:30:00]} {[%emt 00:00:03]} a6
{[%clk 01:25:33]} {[%emt 00:00:05]} 5. g3 {[%clk 01:30:00]} {[%emt 00:00:05]}
Qc7 {[%clk 01:25:29]} {[%emt 00:00:15]} 6. Bg2 {[%clk 01:30:00]} {[%emt
00:00:06]} Nf6 {[%clk 01:25:14]} {[%emt 00:00:25]} 7. O-O {[%clk 01:30:00]}
{[%emt 00:00:07]} Be7 {[%clk 01:24:33]} {[%emt 00:00:49]} 8. Re1 {[%clk
01:29:46]} {[%emt 00:00:26]} d6 {[%clk 01:24:28]} {[%emt 00:00:14]} 9. b3
{[%clk 01:29:13]} {[%emt 00:00:45]} O-O {[%clk 01:23:00]} {[%emt 00:01:37]} 10.
c4 {[%clk 01:29:11]} {[%emt 00:00:13]} Nc6 {[%clk 01:22:14]} {[%emt 00:00:55]}
11. Bb2 {[%clk 01:27:14]} {[%emt 00:02:07]} Bd7 {[%clk 01:19:04]} {[%emt
00:03:20]} 12. Nc3 {[%clk 01:26:53]} {[%emt 00:00:30]} Rfe8 {[%clk 01:16:02]}
{[%emt 00:03:12]} 13. Rc1 {[%clk 01:26:43]} {[%emt 00:00:21]} Qa5 {[%clk
01:11:45]} {[%emt 00:04:26]} 14. a3 {[%clk 01:20:10]} {[%emt 00:06:44]} Nxd4
{[%clk 01:08:44]} {[%emt 00:03:10]} 15. Qxd4 {[%clk 01:19:32]} {[%emt
00:00:48]} Rac8 {[%clk 01:07:17]} {[%emt 00:01:37]} 16. h3 {[%clk 01:16:58]}
{[%emt 00:02:44]} h6 {[%clk 01:03:09]} {[%emt 00:04:18]} 17. Kh2 {[%clk
01:16:13]} {[%emt 00:00:55]} Qc5 {[%clk 01:01:27]} {[%emt 00:01:52]} 18. Qxc5
{[%clk 01:12:46]} {[%emt 00:03:37]} Rxc5 {[%clk 01:00:55]} {[%emt 00:00:41]} 19.
f4 {[%clk 01:12:41]} {[%emt 00:00:16]} Rc7 {[%clk 00:56:39]} {[%emt 00:04:26]}
20. e5 {[%clk 01:06:53]} {[%emt 00:05:58]} dxe5 {[%clk 00:53:43]} {[%emt
00:03:06]} 21. fxe5 {[%clk 01:06:28]} {[%emt 00:00:35]} Nh7 {[%clk 00:53:43]}
{[%emt 00:00:09]} 22. Ne4 {[%clk 01:06:28]} {[%emt 00:00:08]} f6 {[%clk
00:49:08]} {[%emt 00:04:45]} 23. Nd6 {[%clk 01:05:08]} {[%emt 00:01:30]} Bxd6
{[%clk 00:49:02]} {[%emt 00:00:15]} 24. exd6 {[%clk 01:05:03]} {[%emt
00:00:15]} Rcc8 {[%clk 00:49:02]} {[%emt 00:00:02]} 25. b4 {[%clk 01:03:35]}
{[%emt 00:01:38]} Rb8 {[%clk 00:46:58]} {[%emt 00:02:14]} 26. Bd4 {[%clk
01:03:04]} {[%emt 00:00:42]} b6 {[%clk 00:45:30]} {[%emt 00:01:37]} 27. c5
{[%clk 01:02:38]} {[%emt 00:00:36]} bxc5 {[%clk 00:45:12]} {[%emt 00:00:28]} 28.
bxc5 {[%clk 01:02:38]} {[%emt 00:00:09]} 1-0

[Event "2024 National Middle School Championship"]
[Site "Atlanta, Georgia, United States"]
[Date "2024.05.12"]
[Round "7.4"]
[White "Lee, Rohan"]
[Black "Paragua, Megan Althea"]
[Result "0-1"]
[TimeControl "G/90;d10"]
[WhiteElo "2123"]
[BlackElo "2198"]

1. e4 {[%emt 00:00:06]} c5 {[%clk 01:30:00]} 2. Nf3 {[%clk 01:30:00]} {[%emt
00:00:03]} e6 {[%clk 01:30:00]} {[%emt 00:00:03]} 3. d4 {[%clk 01:30:00]}
{[%emt 00:00:06]} cxd4 {[%clk 01:30:00]} {[%emt 00:00:04]} 4. Nxd4 {[%clk
01:30:00]} {[%emt 00:00:04]} Nf6 {[%clk 01:30:00]} {[%emt 00:00:08]} 5. Nc3
{[%clk 01:30:00]} {[%emt 00:00:04]} Nc6 {[%clk 01:29:57]} {[%emt 00:00:14]} 6.
Nxc6 {[%clk 01:30:00]} {[%emt 00:00:05]} bxc6 {[%clk 01:29:57]} {[%emt
00:00:10]} 7. e5 {[%clk 01:30:00]} {[%emt 00:00:03]} Nd5 {[%clk 01:29:53]}
{[%emt 00:00:13]} 8. Ne4 {[%clk 01:30:00]} {[%emt 00:00:05]} Qc7 {[%clk
01:29:28]} {[%emt 00:00:35]} 9. f4 {[%clk 01:30:00]} {[%emt 00:00:05]} Qb6
{[%clk 01:29:28]} {[%emt 00:00:08]} 10. c4 {[%clk 01:30:00]} {[%emt 00:00:07]}
Bb4+ {[%clk 01:29:28]} {[%emt 00:00:09]} 11. Ke2 {[%clk 01:30:00]} {[%emt
00:00:04]} f5 {[%clk 01:29:28]} {[%emt 00:00:07]} 12. exf6 {[%clk 01:30:00]}
{[%emt 00:00:06]} Nxf6 {[%clk 01:29:18]} {[%emt 00:00:20]} 13. Be3 {[%clk
01:29:50]} {[%emt 00:00:21]} Qa5 {[%clk 01:27:46]} {[%emt 00:01:42]} 14. Nxf6+
{[%clk 01:25:49]} {[%emt 00:04:10]} gxf6 {[%clk 01:27:45]} {[%emt 00:00:11]} 15.
a3 {[%clk 01:24:51]} {[%emt 00:01:09]} Be7 {[%clk 01:21:46]} {[%emt 00:06:08]}
16. Kf2 {[%clk 01:23:24]} {[%emt 00:01:38]} h5 {[%clk 01:16:22]} {[%emt
00:05:34]} 17. Qc2 {[%clk 01:22:00]} {[%emt 00:01:34]} Rb8 {[%clk 01:14:04]}
{[%emt 00:02:28]} 18. b4 {[%clk 01:14:31]} {[%emt 00:07:39]} Rxb4 {[%clk
01:10:19]} {[%emt 00:03:55]} 19. Be2 {[%clk 01:04:43]} {[%emt 00:09:57]} Rb8
{[%clk 01:08:27]} {[%emt 00:02:03]} 20. Qg6+ {[%clk 00:58:35]} {[%emt
00:06:18]} Kd8 {[%clk 01:06:31]} {[%emt 00:02:05]} 21. c5 {[%clk 00:57:48]}
{[%emt 00:00:57]} h4 {[%clk 01:01:39]} {[%emt 00:05:02]} 22. Rhd1 {[%clk
00:48:34]} {[%emt 00:09:23]} Rf8 {[%clk 00:54:01]} {[%emt 00:07:49]} 23. Qc2
{[%clk 00:44:16]} {[%emt 00:04:27]} Kc7 {[%clk 00:47:36]} {[%emt 00:06:35]} 24.
f5 {[%clk 00:41:49]} {[%emt 00:02:37]} e5 {[%clk 00:46:48]} {[%emt 00:00:59]}
25. Rd2 {[%clk 00:37:14]} {[%emt 00:04:45]} Ba6 {[%clk 00:44:43]} {[%emt
00:02:15]} 26. Bf3 {[%clk 00:35:29]} {[%emt 00:01:55]} Rfd8 {[%clk 00:43:37]}
{[%emt 00:01:16]} 27. Rad1 {[%clk 00:24:44]} {[%emt 00:10:54]} Qxa3 {[%clk
00:38:19]} {[%emt 00:05:28]} 28. Qa2 {[%clk 00:19:14]} {[%emt 00:05:40]} Rb3
{[%clk 00:37:13]} {[%emt 00:01:16]} 29. Ra1 {[%clk 00:18:36]} {[%emt 00:00:48]}
Rxe3 {[%clk 00:36:47]} {[%emt 00:00:37]} 30. Qxa3 {[%clk 00:17:07]} {[%emt
00:01:38]} Rxa3 {[%clk 00:36:47]} {[%emt 00:00:05]} 31. Rxa3 {[%clk 00:17:07]}
{[%emt 00:00:04]} Bxc5+ {[%clk 00:36:47]} {[%emt 00:00:05]} 32. Re3 {[%clk
00:17:07]} {[%emt 00:00:03]} Bxe3+ {[%clk 00:36:18]} {[%emt 00:00:39]} 33. Kxe3
{[%clk 00:17:07]} {[%emt 00:00:01]} d5 {[%clk 00:36:18]} 34. Ra2 {[%clk
00:17:01]} {[%emt 00:00:16]} Kb6 {[%clk 00:36:18]} {[%emt 00:00:06]} 35. Kd2
{[%clk 00:16:59]} {[%emt 00:00:12]} Bc8 {[%clk 00:36:12]} {[%emt 00:00:15]} 36.
Rb2+ {[%clk 00:16:58]} {[%emt 00:00:11]} Kc7 {[%clk 00:36:01]} {[%emt
00:00:21]} 37. Bg4 {[%clk 00:16:58]} {[%emt 00:00:07]} c5 {[%clk 00:35:40]}
{[%emt 00:00:33]} 38. Rb5 {[%clk 00:16:58]} {[%emt 00:00:08]} c4 {[%clk
00:35:17]} {[%emt 00:00:34]} 39. Rb4 {[%clk 00:16:57]} {[%emt 00:00:10]} Bb7
{[%clk 00:35:03]} {[%emt 00:00:25]} 40. Kc3 {[%clk 00:16:51]} {[%emt 00:00:15]}
Bc6 {[%clk 00:35:03]} {[%emt 00:00:10]} 41. Rb1 {[%clk 00:16:51]} {[%emt
00:00:08]} a6 {[%clk 00:34:41]} {[%emt 00:00:33]} 0-1